000 00340nam a2200109Ia 4500
008 171204s9999 xx 000 0 und d
245 _aBeginning Windows 10 IoT Core Raspberry Pi 2:
245 _cAlison Watson
260 _c2016
650 _xADVANCED OPERATING SYSTEM AND NETWORKING
856 _uhttp://down.ebook777.com/037/B01AO0GU1S.pdf
999 _c347100
_d347100